00422nam a2200121Ia 4500008004100000020001800041050001600059100002800075245005000103260002400153300001500177650010800192120626s9999 xx 000 0 und d a970-07-4206-7 aKGF4552 F54 aFIGUEROA, Luis Mauricio aEl derecho dinerario / Luis Mauricio Figueroa aMèxico : Porrùa aIX, 190 p. a1. MONEDA -- LEYES Y LEGISLACIÒN -- MÈXICO 2. DERECHO BANCARIO -- MÈXICO 3. LEY DE GRESHAMÌ